| 000 | 02565cam a22006134i 4500 | ||
|---|---|---|---|
| 003 | PE-LiUPU | ||
| 005 | 20250731170454.0 | ||
| 008 | 150706s2012 sp a r 000 0 spa d | ||
| 020 | _a9788425426681 | ||
| 035 | _a(Sirsi) i9788425426681 | ||
| 040 |
_aPE-LiUPU _bspa _cPE-LiUPU _erda |
||
| 049 | _aPRUA | ||
| 082 | 0 | 4 |
_a109 _bR31 _221 |
| 100 | 1 |
_aReale, Giovanni, _eautor. |
|
| 245 | 1 | 0 |
_aHistoria de la filosofía III Del romanticismo a nuestros días : _bDe Nietzsche a la Escuela de Frankfurt / _cGiovanni Reale y Dario Antiseri ; traducción, Juan Andrés Iglesias, María Pons Irazazábal y Antoni Martínez Riu. |
| 264 | 1 |
_aBarcelona : _bHerder, _c2012. |
|
| 300 |
_a508 páginas : _bilustraciones ; _c26 centímetros |
||
| 336 |
_atext _2rdacontent |
||
| 337 |
_aunmediated _2rdamedia |
||
| 338 |
_avolume _2rdacarrier |
||
| 505 | 0 | _aLa filosofía del siglo XIX al XX -- La contribución de España a la filosofía del siglo XX -- Fenomenología, existencialismo, hermenéutica -- Bertrand Russell, Ludwig Wittgenstein y la filosofía del lenguaje -- Espiritualismo, nuevas teologías y neo escolástica -- El personalismo; Libertad del individuo y trascendencia divina en la reflexión filosófica judía contemporánea -- El marxismo después de Marx y la Escuela de Frankfurt. | |
| 526 | _aSEG68 | ||
| 526 | _aSEG70 | ||
| 526 | _aSEG69 | ||
| 526 | _aSEG67 | ||
| 526 | _aSEG43 | ||
| 526 | _aP144 | ||
| 526 | _aP143 | ||
| 526 | _aP131 | ||
| 526 | _aP122 | ||
| 526 | _aP120 | ||
| 526 | _aP117 | ||
| 526 | _aP112 | ||
| 526 | _aP110 | ||
| 526 | _aP106 | ||
| 526 | _aP101 | ||
| 526 | _aP80 | ||
| 526 | _aP59 | ||
| 526 | _aP54 | ||
| 526 | _aP35 | ||
| 526 | _aP33 | ||
| 526 | _aP30 | ||
| 541 | _g006-0041988; | ||
| 650 | 0 | 4 | _aFilosofía. |
| 650 | 0 | 4 |
_aFilosofía _xHistoria . |
| 700 | 1 |
_aAntiseri, Dario, _eautor. |
|
| 910 |
_agl _bjv _cng _d20120409 |
||
| 942 |
_2ddc _cBOOK |
||
| 949 |
_a109 R31 3 / 2 _wDEWEY _c1 _i64445 _lCCODEBUL1 _mBUL _p38.00 _r0 _sY _tBOOK _u2015-7-6 _xTEOLOGIA _PP35 _o.STAFF. Colección Teología |
||
| 994 |
_aC0 _bPEPRU |
||
| 596 | _a1 | ||
| 999 |
_a109 R31 3 / 2 _wDEWEY _c53197 _i64445 _d53197 _e2017-6-28 _f2021-11-8 _g5 _lCCODEBUL1 _mBUL _n3 _p38.00 _r0 _sY _tBOOK _u2015-7-6 _xTEOLOGIA _PP35 _0COMPRA _o.STAFF. Colección Teología |
||
| 999 |
_a109 R31 3 / 2 _wDEWEY _c2 _i69542 _d2017-4-21 _e2017-4-20 _f2021-11-8 _g5 _lCCODEBUL1 _mBUL _n1 _p52.00 _r0 _sY _tBOOK _u2015-7-17 _xTEOLOGIA _PP35 _0COMPRA _o.STAFF. Colección Teología |
||
| 980 |
_81 _gALBERTO SANCHEZ Responsable de Automatización |
||